NHL Player Name Match - Statistics

General Stats
  • This quiz has been taken 135 times
  • The average score is 24 of 32
Answer Stats
Hint Answer % Correct
Connor McDavid
95%
Auston Matthews
94%
Sidney Crosby
93%
Nathan MacKinnon
91%
Sebastian Aho
89%
Nikita Kucherov
89%
Brady Tkachuk
89%
Trevor Zegras
85%
Kirill Kaprizov
83%
Alex Ovechkin
83%
Elias Pettersson
83%
Filip Forsberg
79%
Juraj Slafkovsky
79%
Rasmus Dahlin
77%
Jack Eichel
77%
David Pastrnak
76%
Aleksander Barkov
75%
Clayton Keller
75%
Dylan Larkin
75%
Jason Robertson
74%
Vincent Trocheck
74%
Nazem Kadri
72%
Anze Kopitar
72%
Jesper Bratt
69%
Teuvo Teravainen
69%
Travis Konecny
68%
William Eklund
66%
Mark Scheifele
66%
Zach Werenski
66%
Robert Thomas
54%
Jared McCann
52%
Mathew Barzal
46%
No matching quizzes found
Score Distribution
Percent of People with Each Score
Percentile by Number Answered
Your Score History
You have not taken this quiz